书目信息 |
| 题名: |
象棋用马36计
|
|
| 作者: | 金启昌 编著 | |
| 分册: | ||
| 出版信息: | 北京体育大学出版社 1997.06 |
|
| 页数: | 231页 | |
| 开本: | 32开 | |
| 丛书名: | ||
| 单 册: | ||
| 中图分类: | G891.2 | |
| 科图分类: | ||
| 主题词: | 文娱性体育活动 | |
| 电子资源: | ||
| ISBN: | 7-81051-186-6 | |
| 000 | 00556nam0 2200193 45 | |
| 001 | 0007211041 | |
| 005 | 20000721105555.7 | |
| 010 | @a7-81051-186-6@d10.00元 | |
| 100 | @a20000721d1997 km y0chiy0120 ea | |
| 101 | 0 | @achi |
| 105 | @a z 000yy | |
| 200 | 1 | @a象棋用马36计@AXiang Qi Yong Ma 36 Ji@f金启昌等编著@FJin Qi Chang Deng Bian Zhu |
| 210 | @a北京体育大学出版社@d1997.06 | |
| 215 | @a231页@d32开 | |
| 606 | 0 | @a文娱性体育活动 |
| 690 | @aG891.2@v3 | |
| 701 | 0 | @a金启昌@4编著 |
| 801 | @aCN@bPftUser@c20000721 | |
| 905 | @b73082-084@dG891.2@eJ120/3@f3 | |
| 象棋用马36计/金启昌等编著.-北京体育大学出版社,1997.06 |
| 231页;32开 |
| ISBN 7-81051-186-6:10.00元 |
| ● |
| 相关链接 |
|
|
|
正题名:象棋用马36计
索取号:G891.2/J120/3
 
预约/预借
| 序号 | 登录号 | 条形码 | 馆藏地/架位号 | 状态 | 备注 |
| 1 | 347365 | 203473650 | 社科库409/409社科库 28排1列1层/ [索取号:G891.2/J120/3] | 在馆 | |
| 2 | 347366 | 203473669 | 社科库409/409社科库 28排1列1层/ [索取号:G891.2/J120/3] | 在馆 | |
| 3 | 73082 | 200730824 | 社科库409/409社科库 28排1列1层/ [索取号:G891.2/J120/3] | 在馆 | |
| 4 | 73083 | 200730833 | 社科库409/409社科库 28排1列1层/ [索取号:G891.2/J120/3] | 在馆 | |
| 5 | 73084 | 200730842 | 社科库409/409社科库 28排1列1层/ [索取号:G891.2/J120/3] | 在馆 | |
| 6 | 73085 | 200730851 | 社科库409/409社科库 28排1列1层/ [索取号:G891.2/J120/3] | 在馆 | |
| 7 | 73086 | 200730860 | 社科库409/409社科库 28排1列1层/ [索取号:G891.2/J120/3] | 在馆 | |
| 8 | 73087 | 200730879 | 社科库409/409社科库 28排1列1层/ [索取号:G891.2/J120/3] | 在馆 |